000 00634cam a22002177a 4500
001 002298
003 armpunfd
005 20140612090704.0
008 100528e0####xx#a##########000#0#und#d
040 _aarmpunfd
_carmpunfd
080 _a347.44 M 339
100 1 0 _a Mariotto Liliana Bernardita
245 1 0 _aContratos civiles y comerciales
260 _a Uenos Aires : Abeledo- Perrot
_b1996. Isbn: 950-20-0910-X. 302 P.
650 7 _a Contratos Civiles
_2LEMB
650 7 _a Contratos Comerciales
_2LEMB
650 7 _a Contratos
_2LEMB
650 7 _a Formularios
_2LEMB
942 _cLB
_2cdu
945 _aCatalis
_d2010-08-19
999 _c2288
_d232792